Born in Kraków - Statistics

General Stats
  • This quiz has been taken 39 times
    4 since last reset
  • The average score is 6 of 15
Answer Stats
Hint Answer % Correct
Painter, known for his depictions of event from Polish history, "Battle of Grunwald" "Union of Lublin" 1838 Jan Matejko
100%
President of Poland since 2015 1972 Andrzej Duda
75%
King of Poland, Grand Duke of Lithuania and titular King of Sweden 1609 John II Casimir Vasa
75%
Former Formula One and Rallye Driver (Williams, Renault, BMW Sauber) 1984 Robert Kubica
75%
Former Tennis player and Wimbledon finalist 1989 Agnieszka Radwanska
50%
Queen of Poland and Grand Duchess of Lithuania from 1575 to 1587 1523 Anna Jagiellonia
50%
Polish football legend and and namesake of the Wisla Kraków stadium 1897 Henryk Reyman
50%
First ruler of the Polish-Lithuanian Commonwealth 1520 Sigismund II Augustus
50%
Director, "With Fire and Sword" "The Deluge" 1932 Jerzy Hoffman
25%
Mathematician and founder of modern functional analysis 1892 Stefan Banach
25%
Cinematographer, "Terminator" "Ghost" "Rush Hour" 1937 Adam Greenberg
0%
Singer, in Poland she drew comparisons with Édith Piaf and was called "the Dark Angel" 1941 Ewa Demarczyk
0%
Polish-American cosmetics entrepreneur and one of the world's richest women 1872 Helena Rubinstein
0%
Holocaust survivor and accountant who worked for Oskar Schindler, portrayed by Ben Kingsley in "Schindler's List" 1901 Itzhak Stern
0%
Polish-Chinese actress best known for her role as Suki in the live-action "Avatar: The Last Airbender" 1999 Maria Zhang
0%
No matching quizzes found
Score Distribution
Percent of People with Each Score
Percentile by Number Answered
Your Score History
You have not taken this quiz since the last reset